|
|
|
|
| LEADER |
00000nab a2200000 a 4500 |
| 001 |
vtls009948605 |
| 003 |
SK-MaSNL |
| 005 |
20260305041019.0 |
| 008 |
090909c20090730xo dr| 0 0slo |
| 038 |
|
|
|a RVGKPD
|
| 040 |
|
|
|a RVGKPD
|b slo
|c RVGKPD
|e AACR2
|
| 041 |
|
|
|a slo
|
| 044 |
|
|
|a xo
|c SK
|
| 080 |
|
|
|a 352.9
|2 1997
|
| 080 |
|
|
|a 35.071.5
|2 1997
|
| 100 |
1 |
|
|a Krausová, Stela
|4 aut
|9 268152
|
| 245 |
1 |
0 |
|a Časť Gemerskej Hôrky bude patriť pod kataster Plešivca!
|b sedem rokov ťahajúci sa prípad skončil
|c Stela Krausová
|
| 300 |
|
|
|b Fotogr.
|
| 650 |
0 |
7 |
|a katastrálne územia
|x vlastníctvo
|x spory
|2 rvgkpd
|9 1032344
|
| 651 |
|
7 |
|a Gemerská Hôrka (Slovensko)
|2 rvgkpd
|9 26359
|
| 651 |
|
7 |
|a Plešivec (Slovensko)
|2 rvgkpd
|9 29311
|
| 651 |
|
7 |
|a Rožňava (Slovensko : okres)
|2 rvgkpd
|9 19215
|
| 773 |
0 |
|
|t Gemerský korzár
|g Roč. XI, č. 175 (30.7.2009), s. 3
|x 1335-7581
|
| 852 |
|
|
|a RVGKPD
|b KIS3G
|
| 992 |
|
|
|a RBX
|
| 999 |
|
|
|c 3341574
|d 3343504
|